000 00400nam a2200145Ia 4500
008 230917s9999||||xx |||||||||||||| ||und||
040 _e137072
_aMAIN
041 _aEnglish
082 _a343.0924 C394W
100 _aChauhan, B.R.
245 0 _aSettlement of international and interstate water disputes in India
260 _aBombay
_bN.M. Tripathi
_c1992
300 _axvii, 346p p.
942 _cBK
999 _c137398
_d137398